Limitación de responsabilidad del armador y principio de reparación integral de los acreedores

Đã lưu trong:
Chi tiết về thư mục
Tác giả chính: Fox Igualt, Christian (Tác giả)
Định dạng: Sách
Ngôn ngữ:Tiếng Tây Ban Nha
Được phát hành: Santiago Librotecnia 2004
Phiên bản:1a. ed
Những chủ đề:
Các nhãn: Thêm thẻ
Không có thẻ, Là người đầu tiên thẻ bản ghi này!

MARC

LEADER 00000nam a2200000 a 4500
001 UCL8648
003 CL-VaPUC
008 040702e20040000CL |||||||||||||||||spa|d
020 |a 9567950121 
082 0 4 |a 343.83096  |b FOX  |2 21 
100 0 |a Fox Igualt, Christian  |e author  |9 486597 
245 1 0 |a Limitación de responsabilidad del armador y principio de reparación integral de los acreedores 
250 |a 1a. ed 
300 |a 148 p 
942 |c BK 
945 |d 20040702 00:00:00  |a cmena 
260 |a Santiago  |b Librotecnia  |c 2004 
650 7 |a DERECHO MARITIMO CHILENO  |2 CL-VaPUC  |9 476574 
650 7 |a RESPONSABILIDAD CIVIL  |2 CL-VaPUC  |9 486598 
650 0 |a Transporte marítimo  |9 260127 
650 0 |a Contratos  |9 255153 
650 0 |a Obligaciones   |9 255578 
650 0 |a Armadores   |9 371808 
583 |a last modification  |c 20040702 00:00:00  |k Rodrigo Vera 
999 |c 309848  |d 309846 
952 |0 0  |1 0  |4 0  |6 343_830960000000000_FOX_2004  |7 0  |8 A  |9 377626  |a BIBDER  |b BIBDER  |d 2019-11-21  |i 4032748  |l 1  |o 343.83096 FOX 2004  |p 4032748  |q 2025-07-31  |r 2025-05-08  |s 2025-05-08  |w 2019-11-21  |y BK  |k DER